000 00952nam a22002297a 4500
005 20240530110444.0
008 150426s2007 ua afo f b 000 0 ara d
017 _a2007/24450
_bمصر . دار الكتب المصرية
020 _a9789774200984
040 _aEG-CaGPL
082 0 4 _221
_a740\
_bأ هـ
100 0 _aاحمد رافت
245 1 0 _aهكذا رسموا انفسهم :
_bالفنان بريشتة عبر العصور من مائة الف عام و حتى بداية القرن الواحد و العشرين /
_cتاليف احمد رافت
260 _aالقاهرة :
_bالهيئة المصرية العامة للكتاب ،
_c2007 .
300 _a448 ص :
_bصور ، لوحات ؛
_c24 سم .
504 _aببليوجرافية : ص433 - 440
650 0 4 _aالرسم
650 0 4 _aالاشخاص فى الفن
650 0 4 _aرسم الاشخاص
942 _2ddc
_cBK
999 _c61114
_d61114